000 00808nam a2200229Ia 4500
001 9053
003 GE_BSU
008 181216s||||||||xx |||||||||||||| ||und||
040 _cGE_BSU
080 _a82-93
100 _aკობერიძე,კარლო
245 _aყანებს ყაყაჩო შერეოდა
245 _bსაბავშვო მოთხრობები
245 _cრედ:ლ.ქადაგიშვილი;მხატვ:ტ.შეყილაძე
260 _aთბილისი.
260 _bნაკადული.
260 _c1967
300 _a190გვ;20სმ.
653 _aსაბავშვო მოთხრობები
653 _aყანებს ყაყაჩო შერეოდა
942 _cBK
999 _c42357
_d42357